000 01060nam a2200289Ia 4500
001 ebr10061172
003 CaPaEBR
006 m u
007 cr cn|||||||||
008 730208s1961 nyu s 000 0 eng d
010 _z 61007884
020 _z0203359070
040 _aCaPaEBR
_cCaPaEBR
035 _a(OCoLC)605898406
050 1 4 _aHM131
_b.B56 1961eb
100 1 _aBion, Wilfred R.
_q(Wilfred Ruprecht),
_d1897-1979.
245 1 0 _aExperiences in groups, and other papers
_h[electronic resource].
260 _aNew York :
_bBasic Books,
_c1961.
300 _a198 p.
533 _aElectronic reproduction.
_bPalo Alto, Calif. :
_cebrary,
_d2009.
_nAvailable via World Wide Web.
_nAccess may be limited to ebrary affiliated libraries.
650 0 _aSocial groups.
650 0 _aSocial interaction.
650 0 _aGroup psychotherapy.
655 7 _aElectronic books.
_2local
710 2 _aebrary, Inc.
856 4 0 _uhttp://site.ebrary.com/lib/rucke/Doc?id=10061172
_zAn electronic book accessible through the World Wide Web; click to view
999 _c46727
_d46727